IFM Opac

Principles of International Taxation (Record no. 22132)

MARC details
000 -LEADER
fixed length control field 00329nam a22001337a 4500
020 ## - INTERNATIONAL STANDARD BOOK NUMBER
ISBN 978-1-5265-2616-8
082 ## - DEWEY DECIMAL CLASSIFICATION NUMBER
Classification number 336.206
100 ## - MAIN ENTRY--AUTHOR NAME
Personal name Oats, Lynne
245 ## - TITLE STATEMENT
Title Principles of International Taxation
250 ## - EDITION STATEMENT
Edition statement 9th
260 ## - PUBLICATION, DISTRIBUTION, ETC. (IMPRINT)
Place of publication New York:
Name of publisher Bloomsbury Publishing,
Year of publication 2023
300 ## - PHYSICAL DESCRIPTION
Number of Pages xliv, 684p.: ill.; 24cm
942 ## - ADDED ENTRY ELEMENTS (KOHA)
Koha item type Books
Holdings
Withdrawn status Lost status Damaged status Not for loan Collection code Permanent Location Current Location Shelving location Date acquired Source of acquisition Full call number Accession Number Price effective from Koha item type
        Non-fiction IFM Main Campus Library IFM Main Campus Library Work Room processing 01/09/2026 Purchasd 336.206 OAT 0000030534 01/09/2026 Books
        Non-fiction IFM Main Campus Library IFM Main Campus Library Work Room processing 01/09/2026 Purchasd 336.206 OAT 0000030536 01/09/2026 Books
        Non-fiction IFM Main Campus Library IFM Main Campus Library Work Room processing 01/09/2026 Purchasd 336.206 OAT 0000030535 01/09/2026 Books